000 00652nam a2200193Ia 4500
008 151121s9999||||xx |||||||||||||| ||und||
082 _a818/मुंडे
082 _bHNW-70305
100 _aमुंडे माणिक
245 _aआम्ही डोंगरवासी
260 _b"दृष्टी कम्युनिकेशन्स, मुंबई"
260 _c--
300 _a122
600 _aमुंडे माणिक
630 _aआम्ही डोंगरवासी
700 _aमुंडे माणिक
730 _aआम्ही डोंगरवासी
942 _cBOOK
999 _c1251780
_d1251777